| 000 | 00527nam a2200157 4500 | ||
|---|---|---|---|
| 001 | 111750 | ||
| 003 | ES-MaACL | ||
| 005 | 20230906185345.0 | ||
| 007 | t| | ||
| 008 | 061121s1914 uy r ||||1| spa d | ||
| 100 | 1 |
_aOribe, Aquiles B. _987251 |
|
| 245 | 1 | 0 |
_aCerrito de la Victoria _b: su medio-ambiente político-social durante la guerra grande : estudio histórico-narrativo / _cAquiles B. Oribe. |
| 260 |
_aMontevideo : _b[s.n.], _c1914 ( _fTip. `La Liguria`) |
||
| 300 |
_a3 v. ; _c25 cm. |
||
| 852 |
_aES-MaACL _jF-8955-57 |
||
| 999 |
_c111750 _d111750 |
||